| 000 | 00463nam a2200169Ia 4500 | ||
|---|---|---|---|
| 008 | 210210b2003 xxu||||| |||| 00| 0 eng d | ||
| 020 | _a1403 91104 5 | ||
| 082 | _a519.5 HOOS | ||
| 100 | _aHOODA (R P). | ||
| 245 | _aStatistics: for business and economics. Ed 3. | ||
| 250 | _a | ||
| 260 |
_aNew Delhi _bMacmillan India Ltd. _c2003 |
||
| 300 | _axxvii,855 | ||
| 650 | _aStatistics Business Economics | ||
| 690 | _aMathematical Statistics | ||
| 906 | _a061556 | ||
| 999 |
_c108272 _d108272 |
||